000 00717nam a2200265Ia 4500
008 160803s9999 xx 000 0 und d
020 _a0 439276551
100 _aAdler, David A.
245 2 _aA picture book of Sojourner Truth /
245 _cDavid A. Adler ; illustrated by Gershom Griffith.
260 _aNew York :
260 _bScholastic Inc.
260 _c1994
300 _a1 volume (unpaged) :
300 _bcolor illustrations map ;
300 _c21 x 25 cm.
650 _aAbolitionists.
650 _aAfrican Americans --
650 _aReformers.
650 _aTruth, Sojourner, -- -1883.
650 _aWomen --
650 _xBiography.
650 _xBiography.
700 _a910
999 _c298904
_d298904